00583pab a2200181 454500008004000000100002000040245006800060260000900128300001300137362000800150650003600158650002000194700002200214773003200236909001000268999001700278952010600295180718b2003 xxu||||| |||| 00| 0 eng d aPanda, Sudhakar aEconomic reforms and the challenge of social sector development c2003 ap.69-76. aJul aEconomic and social development aEconomic reform aMishra, Pratip K. aIndian Journal of Economics a58965 c58965d58965 00104070aIIPAbIIPAd2018-07-19hVolume no: 84, Issue no: 332pAR59410r2018-07-19w2018-07-19yAR